000 01040nam a22002657a 4500
003 0
005 20251104091203.0
008 251024b xxu||||| |||| 00| 0 eng d
020 _a978-0-14-313589-0
050 _aBQ 4235
_b.H94 2024
100 _aHaemin, Sunim,
_eauthor.
245 _aWhen things don't go your way :
_bZen wisdom for difficult times /
_cHaemin Sunim ; translated by Charles La Shute and Haemin Sunim.
260 _aNew York City :
_bPenguin Life,
_c2024.
300 _aviii, 229 pages :
_billustrations ;
_c22 cm.
500 _aOriginally published in Korean. Includes inspirational illustrations.
504 _aIncludes bibliographical references.
520 _aA guide offering Zen-based wisdom and practices for finding calm and clarity in challenging times.
650 _aBuddhist philosophy.
650 _aSpiritual life.
650 _aResilience (Psychology).
650 _aConduct of life.
700 _aLa Shute, Charles,
_etranslator.
700 _aHaemin Sunim,
_etranslator.
942 _2lcc
_cBK
999 _c368341
_d368341